| 000 | 01599nam0a2200349 i 4500 | ||
|---|---|---|---|
| 001 | RU\NLR\bibl\1997518 | ||
| 005 | 20240921145537.0 | ||
| 010 |
_a9785858595137 _9100 |
||
| 021 |
_aRU _b2013-769 _953 |
||
| 035 | _a(NLR Aleph) 002068757 | ||
| 090 |
_a4732986 _c4732986 |
||
| 100 | _a20130206d2012 k y0rusy50 ca | ||
| 101 | 0 | _arus | |
| 102 | _aRU | ||
| 105 | _ay ||||||||| | ||
| 200 | 1 |
_aВойна и хлеб _eистория продовольственной политики государства на Южном Урале в годы Первой мировой войны _fР.Р. Магомедов, Л.В. Гришакова _gМ-во образования и науки Рос. Федерации, ФГБОУ ВПО "Оренбургский гос. пед. ун-т" |
|
| 210 |
_aОренбург _cОГПУ _d2012 |
||
| 215 |
_a171 с. _d20 |
||
| 320 | _aБиблиогр.: с. 155-160 (76 назв.) | ||
| 606 | 1 |
_aПродовольственный вопрос _yУрал Южный _z1914 - 1918 _92161530 _3RU\NLR\auth\661605432 |
|
| 606 | 1 |
_aВойна и экономика _yРоссия _92370955 _3RU\NLR\auth\661415197 |
|
| 686 | _aУ9(28)-982 | ||
| 686 | _aУ03(2Р36)6 | ||
| 686 | _aУ9(28)-981 | ||
| 700 | 1 |
_aМагомедов _bР. Р. _gРамазан Раджабович _4070 |
|
| 701 | 1 |
_4070 _aГришакова _bЛ. В. _cканд. ист. наук _gЛариса Валерьевна _9200896 _3RU\NLR\AUTH\770200947 |
|
| 801 | 0 |
_aRU _bNLR _c20130206 _gRCR |
|
| 801 | 1 |
_aRU _bNLR _c20130206 |
|
| 942 | _cBOOK | ||
| 980 | _aNBR | ||